| 000 | 00614nam a2200241Ia 4500 | ||
|---|---|---|---|
| 003 | OSt | ||
| 005 | 20221007104233.0 | ||
| 006 | a|||||r|||| 00| 0 | ||
| 007 | ta | ||
| 008 | 221006b |||||||| |||| 00| 0 eng d | ||
| 024 | _a15,275 | ||
| 037 | _cTextual | ||
| 040 |
_aLCO _cLCO _beng |
||
| 041 |
_2eng _aeng |
||
| 082 | _aZ3,91, L0 | ||
| 100 |
_aHart H.L.A. Ed. _9705914 |
||
| 245 | 0 | _aOf Laws in General | |
| 260 |
_aLondon _bAthlone Press UK _c1970 |
||
| 300 | _a342 | ||
| 650 |
_aLAWS IN GENERAL _9705915 |
||
| 942 |
_hZ3,91, L0 _cTEXL |
||
| 999 |
_c1184838 _d1184838 |
||